Top South American International Goalscorers - Statistics

General Stats
  • This quiz has been taken 20 times
  • The average score is 6 of 7
Answer Stats
Goals Country Answer % Correct
65 Argentina Lionel Messi
100%
77 Brazil Pele
100%
62 Brazil Ronaldo
100%
55 Uruguay Luis Suarez
94%
60 Brazil Neymar
94%
54 Argentina Gabriel Batistuta
56%
55 Brazil Romario
44%
No matching quizzes found
Score Distribution
Percent of People with Each Score
Percentile by Number Answered
Your Score History
You have not taken this quiz